Statistics for African Countries from Turkish to English

Click here to take the quiz!

General Stats

  • This quiz has been taken 60 times
    (52 since last reset)
  • The average score is 34 of 38

Answer Stats

Türkçe English % Correct
BotsvanaBotswana
98%
NijeryaNigeria
96%
Kongo CumhuriyetiRepublic of the Congo
96%
KamerunCameroon
96%
Güney SudanSouth Sudan
96%
NijerNiger
96%
MoritanyaMauritania
96%
GanaGhana
96%
Demokratik Kongo
Cumhuriyeti
Democratic Republic
of the Congo
96%
RuandaRwanda
94%
Gine-BissauGuinea-Bissau
94%
Güney AfrikaSouth Africa
94%
ÇadChad
94%
NamibyaNamibia
94%
MozambikMozambique
94%
MadagaskarMadagascar
94%
MalaviMalawi
94%
SomaliSomalia
92%
SvazilandSwaziland
92%
TanzanyaTanzania
92%
TunusTunisia
92%
ZambiyaZambia
92%
LiberyaLiberia
92%
GineGuinea
92%
GambiyaGambia
92%
EtiyopyaEthiopia
92%
EritreEritrea
92%
CibutiDjibouti
92%
ZimbabveZimbabwe
92%
SeyşellerSeychelles
90%
Ekvator GinesiEquatorial Guinea
90%
KomorlarComoros
86%
Orta Afrika CumhuriyetiCentral African Republic
80%
CezayirAlgeria
71%
MısırEgypt
69%
FasMorocco
63%
Yeşil BurunCabo Verde
45%
Fildişi SahiliCôte d'Ivoire
41%

Score Distribution

Percentile by Number Answered

Percent of People with Each Score

Your Score History

You have not taken this quiz since the last reset